Na slovenský piedestal vystúpil Jaro Horváth

Podrobná bibliografia
Hlavný autor: Karabinošová, Daniela (Autor)
Médium: Článok
Jazyk:slovenčina
Predmet:

MARC

LEADER 00000nab a2200000 a 4500
001 vtls000895228
003 SK-MaSNL
005 20260302175224.0
008 190925e19970212xo 0 slo
035 |a KE4259 
040 |a KEVKJB  |b slo  |c KEVKJB  |e AACR2 
041 0 |a slo 
044 |a xo  |c SK 
080 |a 796.015.52  |2 1981 
080 |a 929  |2 1981 
100 1 |a Karabinošová, Daniela  |4 aut  |9 879092 
245 1 0 |a Na slovenský piedestal vystúpil Jaro Horváth 
518 |a 1996 
590 |a Horváth, Jaroslav 1971-,  |b kulturista, majster Slovenska, majster sveta 
600 1 7 |a Horváth, Jaroslav,  |d 1971-,  |2 KEVKJB  |9 93082 
650 0 7 |a kulturistika  |2 KEVKJB  |9 3254 
650 0 7 |a športovci najlepší  |2 KEVKJB  |9 873248 
651 7 |a Košice (Slovensko)  |2 KEVKJB  |9 18694 
651 7 |a KE,  |2 KEVKJB  |9 877256 
655 7 |a periodikum  |2 snkbucl  |9 29553 
773 0 8 |t Korzo  |g Roč. 4, č.35, 12.2.1997, s. 25 
852 |a ZVYKNI  |b KIS3GCP 
999 |c 1406366  |d 1408296